[Event "Manila ol (Men)"]
[Site "Manila PHI"]
[Date "1992.??.??"]
[Round "?"]
[White "Barua, Dibyendu"]
[Black "Barcenilla, Rogelio"]
[Result "1-0"]
[WhiteElo "2555"]
[BlackElo "2465"]
[PlyCount "171"]
[EventDate "1992.06.??"]
[Source "www.chesslib.no"]
[SourceDate "2004.05.04"]

1. e4 e5 2. Nf3 Nc6 3. Bb5 a6 4. Bxc6 dxc6 5. Nc3 f6 6. d4 exd4 7. Qxd4 Qxd4 8. Nxd4 Bd7 9. Be3 O-O-O 10. O-O-O Bb4 11. Nde2 h5 12. Na4 b6 13. a3 Be7 14. Nf4 Rh7 15. h4 Kb7 16. Rd2 Bc8 17. Rxd8 Bxd8 18. Nc3 Ne7 19. Rd1 Rh8 20. Nce2 c5 21. Ng3 g6 22. Bd2 c6 23. Bc3 Bc7 24. Nge2 Rg8 25. f3 c4 26. g3 Be5 27. Kd2 Rd8+ 28. Ke1 Rxd1+ 29. Kxd1 Kc7 30. Kd2 Kd6 31. Ke3 c5 32. Bxe5+ fxe5 33. Ng2 b5 34. c3 a5 35. Ne1 Ng8 36. f4 Nh6 37. fxe5+ Kxe5 38. Nf3+ Kf6 39. Nf4 Ng4+ 40. Ke2 Bb7 41. Ng5 Ne5 42. Kd2 a4 43. Nge6 Bxe4 44. Nxc5 Bc6 45. Ke3 g5 46. hxg5+ Kxg5 47. Nce6+ Kg4 48. Ng7 Nd3 49. Ngxh5 Nxb2 50. Nf6+ Kxg3 51. Ne2+ Kh4 52. Nd4 Bg2 53. Nxb5 Kg5 54. Ne8 Kf5 55. Kd4 Ke6 56. Ned6 Bf1 57. Ne4 Bd3 58. Nc5+ Kf5 59. Nd6+ Kf4 60. Nd7 Bf1 61. Nf6 Nd3 62. Nxc4 Ne1 63. Nd5+ Kg5 64. Nce3 Nf3+ 65. Kc5 Bd3 66. Kb4 Nd2 67. Kxa4 Nb1 68. Kb4 Nxa3 69. Kxa3 Be2 70. Kb4 Bd3 71. Kc5 Be2 72. Kd4 Ba6 73. Nc4 Bc8 74. Nc7 Bg4 75. Ne5 Be2 76. Nd3 Kf6 77. Nd5+ Kf7 78. c4 Ke8 79. c5 Kd7 80. Ne5+ Kc8 81. Ke4 Bf1 82. Kf5 Bh3+ 83. Kf6 Kd8 84. c6 Kc8 85. Ke7 Bf5 86. Kd6 1-0

[Event "41th ch-IND"]
[Site "Calcuta "]
[Date "2003.12.18"]
[Round "21"]
[White "Thipsay, Praveen Mahadeo"]
[Black "Ganguly, Surya Shekhar"]
[Result "1/2-1/2"]
[WhiteElo "2486"]
[BlackElo "2531"]
[PlyCount "34"]
[EventDate "2003.12.04"]
[Source "Roberto Alvarez"]
[SourceDate "2003.12.22"]

1. e4 e5 2. Nf3 Nc6 3. Bb5 a6 4. Bxc6 dxc6 5. Nc3 Qd6 6. d4 exd4 7. Qxd4 Qxd4 8. Nxd4 Bd7 9. f3 O-O-O 10. Be3 Bd6 11. Kf2 Ne7 12. Rad1 f6 13. g4 c5 14. Nde2 Ng6 15. Ng3 Rhe8 16. Nd5 Be6 17. Nh5 Bf8 1/2-1/2

[Event "Mondariz op 7th"]
[Site "Mondariz"]
[Date "2000.07.28"]
[Round "3"]
[White "Janev, Evgeni"]
[Black "Giorgadze, Giorgi"]
[Result "1-0"]
[WhiteElo "2413"]
[BlackElo "2599"]
[PlyCount "109"]
[EventDate "2000.07.26"]
[Source "www.chesslib.no"]
[SourceDate "2004.05.04"]

1. e4 e5 2. Nf3 Nc6 3. Bb5 a6 4. Bxc6 dxc6 5. Nc3 f6 6. d4 exd4 7. Nxd4 c5 8. Nde2 Qxd1+ 9. Nxd1 Bd7 10. Bf4 O-O-O 11. Ne3 Bc6 12. f3 Ne7 13. h4 h5 14. Bg3 g6 15. Kf2 Bg7 16. Rad1 f5 17. e5 Rxd1 18. Rxd1 Re8 19. Nc1 b6 20. Nd3 Bd7 21. c4 Nc6 22. Re1 Nd4 23. Nd5 Be6 24. Nf6 Rf8 25. b3 Nc2 26. Rc1 Nd4 27. Nh7 Rd8 28. Rd1 Nc6 29. Ng5 Bg8 30. e6 Bf6 31. Nf7 Bxf7 32. exf7 Rf8 33. Nf4 Rxf7 34. Re1 Be5 35. Nd5 f4 36. Bh2 Kd7 37. Re4 Bd6 38. Bxf4 Nd4 39. Bxd6 Kxd6 40. Re8 Nf5 41. g3 Rg7 42. Rf8 a5 43. Rf6+ Kd7 44. Nf4 Ne7 45. g4 hxg4 46. fxg4 Rg8 47. h5 gxh5 48. gxh5 a4 49. bxa4 Ra8 50. h6 Rxa4 51. Rf8 Rxa2+ 52. Kg3 Ra3+ 53. Kg4 Ra1 54. h7 Rg1+ 55. Kf3 1-0

[Event "chT9495"]
[Site "chT9495"]
[Date "1995.??.??"]
[Round "9"]
[White "Keitlinghaus, Ludger"]
[Black "Smejkal, Jan"]
[Result "1-0"]
[WhiteElo "2495"]
[BlackElo "2515"]
[PlyCount "79"]
[EventDate "1995.??.??"]
[Source "www.chesslib.no"]
[SourceDate "2004.05.04"]

1. e4 e5 2. Nf3 Nc6 3. Bb5 a6 4. Bxc6 dxc6 5. Nc3 Qd6 6. d3 Ne7 7. Be3 Ng6 8. Qd2 Bg4 9. Ng1 Be7 10. f3 Be6 11. Nge2 c5 12. b3 Rd8 13. Rd1 O-O 14. O-O Rfe8 15. Kh1 Qc6 16. Qc1 Rd7 17. h3 b5 18. Ng3 Red8 19. Nge2 Bf6 20. Bg5 Bxg5 21. Qxg5 b4 22. Na4 c4 23. Nb2 c3 24. Na4 Bc4 25. Qe3 Bb5 26. Nc5 Rd6 27. Ra1 Nf4 28. a4 Nxe2 29. Qxe2 Qxc5 30. axb5 Qxb5 31. Qe3 Ra8 32. f4 Qb6 33. Qxb6 Rc8 34. Qb5 Rd4 35. Qa4 a5 36. Rfb1 g5 37. Rd1 Rd7 38. Rf1 h5 39. Rg1 Rd5 40. exd5 1-0

[Event "Rimavska Sobota"]
[Site "Rimavska Sobota"]
[Date "1990.??.??"]
[Round "12"]
[White "Palac, Mladen"]
[Black "Mokry, Karel"]
[Result "1/2-1/2"]
[WhiteElo "2505"]
[BlackElo "2505"]
[PlyCount "22"]
[EventDate "1990.06.??"]
[Source "ChessBase"]

1. e4 e5 2. Nf3 Nc6 3. Bb5 a6 4. Bxc6 dxc6 5. Nc3 f6 6. d4 exd4 7. Qxd4 Qxd4 8. Nxd4 Bd7 9. Bf4 O-O-O 10. O-O-O Bd6 11. Bxd6 cxd6 1/2-1/2

[Event "XXIV ECC"]
[Site "Kallithea GRE"]
[Date "2008.10.23"]
[Round "7"]
[White "Mastrovasilis, D."]
[Black "Pilgaard, K."]
[Result "1-0"]
[WhiteElo "2572"]
[BlackElo "2438"]
[PlyCount "131"]
[EventDate "2008.10.17"]
[Source "www.chesslib.no"]
[SourceDate "2004.05.04"]

1. e4 e5 2. Nf3 Nc6 3. Bb5 a6 4. Bxc6 dxc6 5. Nc3 f6 6. d4 Bb4 7. O-O exd4 8. Nxd4 Ne7 9. Nde2 Be6 10. Bf4 Bc4 11. Qxd8+ Rxd8 12. Rfd1 Bd6 13. Rd4 b5 14. b3 Be6 15. Rad1 Nc8 16. e5 fxe5 17. Bxe5 O-O 18. Bxd6 cxd6 19. Ne4 Bf5 20. N2g3 Bxe4 21. Nxe4 Rde8 22. Nxd6 Nxd6 23. Rxd6 Re2 24. Rxc6 Rfxf2 25. Rd8+ Rf8 26. Rxf8+ Kxf8 27. h4 Kf7 28. Kh2 h5 29. Kg3 g6 30. Kf3 Rd2 31. g3 Kg7 32. Ke3 Rg2 33. Kf3 Rd2 34. Rc5 b4 35. Ke3 Rg2 36. Kf4 Kh6 37. Rc4 a5 38. Rc5 Re2 39. Kf3 Rh2 40. Rc7 Rd2 41. Rc5 Rh2 42. Rxa5 Rxc2 43. Ke4 Rg2 44. Kf3 Rc2 45. Ra4 Rd2 46. Ke4 Kg7 47. Ke5 Kh6 48. Rxb4 Rxa2 49. Rd4 Re2+ 50. Re4 Rd2 51. g4 hxg4 52. Rxg4 Rb2 53. b4 Kh5 54. Rd4 g5 55. hxg5 Kxg5 56. Kd6 Kf6 57. Kc5 Ke5 58. Rd1 Rc2+ 59. Kb6 Rb2 60. b5 Ke6 61. Kc6 Rc2+ 62. Kb7 Rb2 63. b6 Ke7 64. Kc7 Rc2+ 65. Kb8 Rb2 66. b7 1-0

[Event "CZE Team Ch 9495"]
[Site "Czech Republic"]
[Date "1995.??.??"]
[Round "9"]
[White "Keitlinghaus, Ludger"]
[Black "Smejkal, Jan"]
[Result "1-0"]
[WhiteElo "2495"]
[BlackElo "2515"]
[PlyCount "79"]
[EventDate "1994.??.??"]
[Source "www.chesslib.no"]
[SourceDate "2004.05.04"]

1. e4 e5 2. Nf3 Nc6 3. Bb5 a6 4. Bxc6 dxc6 5. Nc3 Qd6 6. d3 Ne7 7. Be3 Ng6 8. Qd2 Bg4 9. Ng1 Be7 10. f3 Be6 11. Nge2 c5 12. b3 Rd8 13. Rd1 O-O 14. O-O Rfe8 15. Kh1 Qc6 16. Qc1 Rd7 17. h3 b5 18. Ng3 Red8 19. Nge2 Bf6 20. Bg5 Bxg5 21. Qxg5 b4 22. Na4 c4 23. Nb2 c3 24. Na4 Bc4 25. Qe3 Bb5 26. Nc5 Rd6 27. Ra1 Nf4 28. a4 Nxe2 29. Qxe2 Qxc5 30. axb5 Qxb5 31. Qe3 Ra8 32. f4 Qb6 33. Qxb6 cxb6 34. fxe5 Re6 35. d4 a5 36. Rf5 f6 37. exf6 Rxe4 38. Rb5 gxf6 39. Rxb6 Rxd4 40. Rxf6 1-0

[Event "Athens op"]
[Site "Athens"]
[Date "1999.??.??"]
[Round "7"]
[White "Stanojoski, Zvonko"]
[Black "Cela, Altin"]
[Result "0-1"]
[WhiteElo "2471"]
[BlackElo "2536"]
[PlyCount "68"]
[EventDate "1999.??.??"]
[Source "www.chesslib.no"]
[SourceDate "2004.05.04"]

1. e4 e5 2. Nf3 Nc6 3. Bb5 a6 4. Bxc6 dxc6 5. Nc3 f6 6. d4 exd4 7. Nxd4 c5 8. Nde2 Qxd1+ 9. Nxd1 Be6 10. Bf4 O-O-O 11. Ne3 Ne7 12. Rd1 g6 13. Rxd8+ Kxd8 14. Nc3 Bg7 15. Ncd5 Nxd5 16. exd5 Bf7 17. O-O Re8 18. g4 Kd7 19. c4 Re4 20. Bg3 Bh6 21. b3 b5 22. Rc1 Rxe3 23. g5 Bxg5 24. f4 Bh6 25. cxb5 axb5 26. Rxc5 b4 27. Rc4 Bf8 28. f5 Bd6 29. Rh4 Bxg3 30. Rxh7 Bxh2+ 31. Kxh2 Re7 32. Rh4 gxf5 33. Rxb4 Re2+ 34. Kg3 Rxa2 0-1

[Event "EU-chT (Men)"]
[Site "Debrecen"]
[Date "1992.??.??"]
[Round "1"]
[White "Spasov, Vasil"]
[Black "Tisdall, Jonathan D"]
[Result "1-0"]
[WhiteElo "2550"]
[BlackElo "2455"]
[PlyCount "87"]
[EventDate "1992.11.??"]
[Source "ChessBase"]

1. e4 e5 2. Nf3 Nc6 3. Bb5 a6 4. Bxc6 dxc6 5. Nc3 Qd6 6. d4 exd4 7. Nxd4 Bd7 8. Be3 O-O-O 9. Qe2 Nh6 10. O-O-O Qg6 11. f3 Bd6 12. Nb3 Kb8 13. g4 f6 14. h4 Qe8 15. Na4 Nf7 16. h5 h6 17. Nac5 Bc8 18. Rd4 Bxc5 19. Nxc5 Rxd4 20. Bxd4 Ng5 21. Bc3 b6 22. Nd3 c5 23. Nf4 Qf7 24. b3 Re8 25. Rd1 f5 26. gxf5 Bxf5 27. Qc4 Qxc4 28. bxc4 Be6 29. Nxe6 Nxe6 30. Be5 Re7 31. f4 Kc8 32. Kd2 Ng5 33. Ke3 Nf7 34. Bxg7 Nd6 35. Bf8 Rxe4+ 36. Kf3 Rxc4 37. Bxh6 Nf5 38. Bg5 Rc3+ 39. Ke4 Ng3+ 40. Kd5 Kb7 41. h6 Rxc2 42. Ke6 Rh2 43. Kf6 c4 44. Kg6 1-0

[Event "Griesheim GM"]
[Site "Griesheim"]
[Date "2002.01.23"]
[Round "1"]
[White "Ginsburg, Gennadij"]
[Black "Galdunts, Sergey"]
[Result "1/2-1/2"]
[WhiteElo "2493"]
[BlackElo "2510"]
[PlyCount "48"]
[EventDate "2002.01.23"]
[Source "ChessBase"]
[SourceDate "2002.03.21"]

1. e4 e5 2. Nf3 Nc6 3. Bb5 a6 4. Bxc6 dxc6 5. Nc3 f6 6. d4 exd4 7. Nxd4 c5 8. Nde2 Qxd1+ 9. Nxd1 Be6 10. Bf4 O-O-O 11. Ne3 Ne7 12. Rd1 Re8 13. Nc3 f5 14. O-O fxe4 15. Rfe1 Nc6 16. a3 Bf7 17. Ned5 Bxd5 18. Nxd5 Bd6 19. Bxd6 cxd6 20. Nc3 e3 21. Rxe3 Rxe3 22. fxe3 Re8 23. Rxd6 Rxe3 24. Kf2 Re5 1/2-1/2

[Event "Istanbul ol (Men)"]
[Site "Istanbul"]
[Date "2000.11.02"]
[Round "6"]
[White "Solak, Dragan"]
[Black "Hector, Jonny"]
[Result "1/2-1/2"]
[WhiteElo "2490"]
[BlackElo "2509"]
[PlyCount "79"]
[EventDate "2000.10.??"]
[Source "www.chesslib.no"]
[SourceDate "2004.05.04"]

1. e4 e5 2. Nf3 Nc6 3. Bb5 a6 4. Bxc6 dxc6 5. Nc3 Qd6 6. d4 exd4 7. Qxd4 Bg4 8. Qe3 g6 9. h3 Bh6 10. Qe2 Bxc1 11. Rxc1 Qf4 12. Qd2 Qxd2+ 13. Nxd2 Be6 14. Nf3 O-O-O 15. Rd1 Nf6 16. Rxd8+ Rxd8 17. Ke2 b5 18. a3 c5 19. Ke3 Re8 20. Nd2 Kb7 21. f3 Nd7 22. Ne2 Nb6 23. g4 c4 24. h4 c5 25. g5 a5 26. Nf4 b4 27. h5 Kc6 28. hxg6 hxg6 29. Rh7 c3 30. bxc3 bxc3 31. Nb1 Na4 32. Ne2 Nb2 33. Nexc3 Nc4+ 34. Ke2 Rb8 35. Rh2 Rb2 36. Kd1 Kd6 37. f4 Rb8 38. Ke2 Kc6 39. a4 Rb4 40. Nd2 1/2-1/2

[Event "TCh-BEL 2007-8"]
[Site "Belgium BEL"]
[Date "2008.03.02"]
[Round "10"]
[White "Fiebig, T."]
[Black "Golod, V."]
[Result "1/2-1/2"]
[WhiteElo "2388"]
[BlackElo "2606"]
[PlyCount "63"]
[EventDate "2008.01.06"]
[Source "www.chesslib.no"]
[SourceDate "2004.05.04"]

1. e4 e5 2. Nf3 Nc6 3. Bb5 a6 4. Bxc6 dxc6 5. Nc3 Qd6 6. d4 exd4 7. Qxd4 Bg4 8. Qe3 Ne7 9. O-O Ng6 10. h3 Bxf3 11. Qxf3 Be7 12. Rd1 Qe5 13. Be3 Bd6 14. g3 O-O 15. h4 Qe6 16. Qf5 Ne5 17. Bd4 Qxf5 18. exf5 Rfe8 19. Kg2 c5 20. Bxe5 Rxe5 21. Rd5 Rae8 22. Kf3 b5 23. Rad1 Kf8 24. Rxe5 Rxe5 25. Rd5 Re1 26. Rd1 Re5 27. Rd5 Ke7 28. b3 Re1 29. Rd1 Re5 30. Rd5 Re1 31. Rd1 Re5 32. Rd5 1/2-1/2

[Event "Pancevo"]
[Site "Pancevo"]
[Date "2003.06.29"]
[Round "10"]
[White "Stanojoski, Zvonko"]
[Black "Radulski, Julian"]
[Result "1/2-1/2"]
[WhiteElo "2497"]
[BlackElo "2493"]
[PlyCount "46"]
[EventDate "2003.06.20"]
[Source "ChessBase"]
[SourceDate "2003.07.09"]

1. e4 e5 2. Nf3 Nc6 3. Bb5 a6 4. Bxc6 dxc6 5. Nc3 f6 6. d4 exd4 7. Nxd4 c5 8. Nde2 Qxd1+ 9. Nxd1 Be6 10. Bf4 O-O-O 11. Ne3 c4 12. Rd1 Rxd1+ 13. Kxd1 Ne7 14. Nd4 Bf7 15. Ke2 h5 16. h4 Ng6 17. Bg3 Bc5 18. Ndf5 Rh7 19. Rd1 Ne7 20. Nxe7+ Bxe7 21. Nd5 Bd6 22. Rd4 b5 23. Rd1 Rh8 1/2-1/2

[Event "9th HIT Open"]
[Site "Nova Gorica"]
[Date "2004.02.04"]
[Round "8"]
[White "Solak, Dragan"]
[Black "Borisek, Jure"]
[Result "1-0"]
[WhiteElo "2546"]
[BlackElo "2442"]
[PlyCount "85"]
[EventDate "2004.01.30"]
[Source "Roberto Alvarez"]
[SourceDate "2004.02.09"]

1. e4 e5 2. Nf3 Nc6 3. Bb5 a6 4. Bxc6 dxc6 5. Nc3 Qd6 6. d4 exd4 7. Qxd4 Qxd4 8. Nxd4 Bd6 9. Nde2 Ne7 10. Bf4 Be6 11. O-O-O O-O-O 12. Bg3 f6 13. Rd2 Bc5 14. Rhd1 Rxd2 15. Rxd2 g5 16. Nd4 Bd7 17. Na4 Ba7 18. Nb3 Be6 19. Nbc5 Bg4 20. h3 b5 21. hxg4 bxa4 22. Nd7 h5 23. Nxf6 h4 24. Bxc7 h3 25. gxh3 Kxc7 26. Rd7+ Kb8 27. Rxe7 Rxh3 28. Re8+ Kc7 29. Re7+ Kb8 30. Rh7 Rf3 31. Rf7 Rxf2 32. Nd7+ Kc7 33. Rxf2 Bxf2 34. Ne5 Kd6 35. Nf3 Kc5 36. Kd2 Bg3 37. Kd3 Bf4 38. e5 Kd5 39. c4+ Kc5 40. Ke4 Kxc4 41. e6 Bd6 42. Nxg5 a3 43. bxa3 1-0

[Event "BUL Ch"]
[Site "Bulgaria"]
[Date "1995.??.??"]
[Round "?"]
[White "Spasov, Vasil V"]
[Black "Delchev, Aleksander"]
[Result "1/2-1/2"]
[WhiteElo "2525"]
[BlackElo "2450"]
[PlyCount "82"]
[EventDate "1995.??.??"]
[Source "www.chesslib.no"]
[SourceDate "2004.05.04"]

1. e4 e5 2. Nf3 Nc6 3. Bb5 a6 4. Bxc6 dxc6 5. Nc3 f6 6. d4 exd4 7. Nxd4 c5 8. Nde2 Qxd1+ 9. Nxd1 Be6 10. Bf4 O-O-O 11. Ne3 Ne7 12. h4 h5 13. Rd1 Rxd1+ 14. Kxd1 g6 15. Kc1 Bg7 16. Rd1 Re8 17. f3 Bf7 18. a3 b6 19. Rd2 Nc6 20. Nc3 Ne5 21. Ncd5 Kb7 22. Rd1 Be6 23. Kd2 c6 24. Nc3 a5 25. Ke2 c4 26. Rg1 f5 27. Rd1 Nf7 28. exf5 gxf5 29. Kf2 b5 30. g4 fxg4 31. fxg4 hxg4 32. Kg3 b4 33. axb4 axb4 34. Ne4 Kb6 35. c3 Bd5 36. Ng5 Nxg5 37. hxg5 bxc3 38. bxc3 Kc5 39. Rc1 Be4 40. Nxg4 Bd3 41. Nf6 Re6 1/2-1/2

[Event "Cappelle op 16th"]
[Site "Cappelle la Grande"]
[Date "2000.02.21"]
[Round "3"]
[White "Landa, Konstantin"]
[Black "Jedryczka, Krystian"]
[Result "1-0"]
[WhiteElo "2598"]
[BlackElo "2374"]
[PlyCount "61"]
[EventDate "2000.02.19"]
[Source "ChessBase"]
[SourceDate "2000.03.10"]

1. e4 e5 2. Nf3 Nc6 3. Bb5 a6 4. Bxc6 dxc6 5. Nc3 Qd6 6. d4 exd4 7. Qxd4 Qxd4 8. Nxd4 Bd7 9. Bf4 O-O-O 10. O-O-O Bc5 11. f3 Nf6 12. Nb3 Bb4 13. Ne2 Rhe8 14. Ng3 Bf8 15. h4 b6 16. h5 a5 17. h6 g6 18. Bg5 Be7 19. Nd4 a4 20. a3 c5 21. Nde2 b5 22. Nf4 Bc6 23. Nd3 Nd7 24. Bxe7 Rxe7 25. Rd2 Rf8 26. Rhd1 Kb7 27. Nf4 Nf6 28. Nf1 Ng8 29. Ne3 f5 30. Nfd5 Bxd5 31. Nxd5 1-0

[Event "2. GM"]
[Site "?"]
[Date "2005.02.05"]
[Round "6"]
[White "Darban Morteza"]
[Black "Kunte Abhijit"]
[Result "1-0"]
[WhiteElo "2404"]
[BlackElo "2568"]
[PlyCount "93"]
[EventDate "2005.??.??"]
[Source "www.chesslib.no"]
[SourceDate "2004.05.04"]

1. e4 e5 2. Nf3 Nc6 3. Bb5 a6 4. Bxc6 dxc6 5. Nc3 f6 6. d4 exd4 7. Qxd4 Qxd4 8. Nxd4 Bd7 9. Be3 O-O-O 10. f3 Bd6 11. O-O-O Ne7 12. Nb3 b6 13. Rxd6 cxd6 14. Bxb6 Rde8 15. Rd1 d5 16. Nc5 h5 17. a4 f5 18. exd5 Nxd5 19. Nxd5 cxd5 20. Rxd5 Bc6 21. Rxf5 Re1+ 22. Kd2 Rhe8 23. Rg5 R1e2+ 24. Kc3 R8e3+ 25. Kb4 Re7 26. Ka5 Rxc2 27. b3 Rce2 28. Kxa6 h4 29. h3 Rd2 30. Rg4 Kb8 31. b4 Be8 32. Rxh4 Bf7 33. b5 Be8 34. Ka5 Kc8 35. Rg4 Bh5 36. Rg5 Be8 37. h4 Kb8 38. Rg4 Rd5 39. Rf4 Kc8 40. g4 Bf7 41. h5 Rd1 42. Ka6 Kb8 43. Ne4 Be8 44. Rf8 Re6 45. Rg8 Ra1 46. Ka5 Ra3 47. Nd6 1-0

[Event "Skei"]
[Site "Skei"]
[Date "1995.??.??"]
[Round "1"]
[White "Rausis, Igors"]
[Black "Tisdall, Jonathan D"]
[Result "1/2-1/2"]
[WhiteElo "2495"]
[BlackElo "2470"]
[PlyCount "92"]
[EventDate "1995.??.??"]
[Source "www.chesslib.no"]
[SourceDate "2004.05.04"]

1. e4 e5 2. Nf3 Nc6 3. Bb5 a6 4. Bxc6 dxc6 5. Nc3 Qd6 6. d4 exd4 7. Qxd4 Qxd4 8. Nxd4 Bd7 9. Be3 O-O-O 10. O-O-O Nf6 11. f3 Re8 12. Rd3 Bd6 13. g4 c5 14. Nde2 Bc6 15. Bf4 Bxf4+ 16. Nxf4 Nd7 17. h4 g6 18. Ncd5 Rhf8 19. Rh3 c4 20. Rd1 b5 21. Rg3 Bb7 22. Rg2 c6 23. Ne3 Ne5 24. Rg3 Kc7 25. Nh3 Bc8 26. Ng5 f6 27. Nh3 f5 28. gxf5 gxf5 29. f4 Ng4 30. e5 Rd8 31. Rxd8 Rxd8 32. Ng5 h6 33. Nf7 Rd4 34. Nxg4 fxg4 35. Nxh6 Rxf4 36. Ng8 Rf1+ 37. Kd2 Rh1 38. Ne7 Be6 39. Ng6 Bf5 40. Ne7 Be6 41. Ng6 Rh2+ 42. Ke3 Bf5 43. Ne7 Bd7 44. Ng6 Bf5 45. Ne7 Be6 46. Ng6 Bf5 1/2-1/2

[Event "Novi Sad ol (Men)"]
[Site "Novi Sad YUG"]
[Date "1990.??.??"]
[Round "13"]
[White "Spasov, Vasil V"]
[Black "Hellers, Ferdinand"]
[Result "0-1"]
[WhiteElo "2440"]
[BlackElo "2525"]
[PlyCount "104"]
[EventDate "1990.11.??"]
[Source "www.chesslib.no"]
[SourceDate "2004.05.04"]

1. e4 e5 2. Nf3 Nc6 3. Bb5 a6 4. Bxc6 dxc6 5. Nc3 f6 6. d4 exd4 7. Nxd4 c5 8. Nde2 Qxd1+ 9. Nxd1 Be6 10. Bf4 O-O-O 11. Ne3 Ne7 12. Bg3 g6 13. Rd1 Bg7 14. O-O f5 15. Nf4 Bf7 16. exf5 Nxf5 17. Nxf5 gxf5 18. Nd3 Bxa2 19. Be5 Bxe5 20. Nxe5 Rxd1 21. Rxd1 Rd8 22. Rxd8+ Kxd8 23. f4 Ke7 24. Kf2 Bd5 25. h3 h5 26. g4 hxg4 27. hxg4 fxg4 28. Nxg4 Be4 29. c3 Ke6 30. Ke3 Bf5 31. Ne5 a5 32. Nc4 b6 33. Ne5 Kd5 34. Kf3 a4 35. Ke3 c4 36. Nf3 c5 37. Ne5 b5 38. Nf7 Bg6 39. Ne5 Bh7 40. Kd2 Bf5 41. Ke3 b4 42. Kd2 a3 43. bxa3 bxa3 44. Kc1 Bd3 45. Nf3 Kc6 46. Ng5 Kb5 47. Ne6 Bh7 48. Ng7 Ka4 49. f5 Kb3 50. Kb1 Kxc3 51. Ka1 Kb4 52. f6 c3 0-1

[Event "Antalya"]
[Site "Antalya"]
[Date "2001.04.02"]
[Round "1"]
[White "Moroz, Alexander"]
[Black "Mastrovasilis, Athanasios"]
[Result "1-0"]
[WhiteElo "2525"]
[BlackElo "2439"]
[PlyCount "79"]
[EventDate "2001.04.02"]
[Source "ChessBase"]
[SourceDate "2001.05.06"]

1. e4 e5 2. Nf3 Nc6 3. Bb5 a6 4. Bxc6 dxc6 5. Nc3 Bg4 6. h3 Bxf3 7. Qxf3 Qf6 8. Qg3 Bd6 9. d3 Ne7 10. Be3 O-O 11. O-O Rad8 12. Ne2 Qe6 13. Qg4 Qxg4 14. hxg4 c5 15. g3 Nc6 16. c3 Rd7 17. Rfd1 Rfd8 18. Rd2 Be7 19. Rad1 f6 20. Kf1 Kf7 21. Ng1 Rh8 22. Nf3 h6 23. Ke2 b6 24. Rh1 Rhd8 25. Nh4 Bf8 26. f3 b5 27. Rhd1 a5 28. f4 Ke6 29. Nf3 Be7 30. Rh1 a4 31. g5 hxg5 32. fxg5 f5 33. Nh4 fxe4 34. dxe4 Rxd2+ 35. Bxd2 Rh8 36. Rf1 Rh5 37. Kf3 Rh8 38. Ke2 Na5 39. Nf5 Rh2+ 40. Rf2 1-0